| 000 | 00386nam a2200133Ia 4500 | ||
|---|---|---|---|
| 008 | 220217s9999||||xx |||||||||||||| ||und|| | ||
| 020 | _a81-7656-160-6 | ||
| 082 | _a005.43 WIT | ||
| 100 |
_aWitherspoon, Coletta Witherspoon, Craig _92358 |
||
| 245 | 0 | _aRed hat linux 6 fast and easy | |
| 260 |
_aBPB publications _bNew Delhi _c2000 |
||
| 300 | _b150 | ||
| 650 | _aOperating systems | ||
| 999 |
_c172350 _d172350 |
||